Представление документа в формате RUSMARC

ПолеНазваниеЗначение
  Тип записи a
  Библиографический уровень m
001 Контрольный номер RuMoRGB-006738448
005 Дата корректировки 20230707133325.5
010 Индекс ISBN __
a ISBN 978-5-699-65581-6
d Цена 229-72
021 № государственной регистрации __
b № документа 14-6204
100 Данные общей обработки __
a Данные общей обработки 19140213d2014 |||y1rusy0189 ca
101 Язык документа __
a Язык текста rus
c Язык оригинала eng
102 Страна публикации __
a Страна публикации ru
102 Страна публикации __
a Страна публикации ru
105 Кодированные данные (монография) __
a Кодированные данные (монография) y zzzz000zy
200 Заглавие и сведения об ответственности __
a Заглавие Разрушитель кораблей
e Сведения, относящиеся к заглавию [роман : 16+]
f Первые сведения об ответственности Паоло Бачигалупи ; [пер. с англ. М. Новыш]
210 Выходные данные __
a Место издания Москва
c Издательство ЭКСМО
d Дата издания 2014
215 Физическое описание __
a Объем 349, [1] с.
225 Серия (Журнальная рубрика) __
a Серия (Журнальная рубрика) Жестокие игры
606 Тематические рубрики __
a Основная рубрика Художественная литература
606 Тематические рубрики __
a Основная рубрика Литература Америки (произведения)
610 Ключевые слова __
a Ключевые слова американская литература
610 Ключевые слова __
a Ключевые слова романы
686 Индексы других классификаций __
a Индекс ББК 84(7Сое)-4
700 Автор _1
a Фамилия Бачигалупи
b Имя П.
f Даты 1976-
g Полное личное имя Паоло
801 Источник записи _0
a Страна ru
b Организация РГБ
c Дата составления 20140213
801 Источник записи _1
a Страна ru
b Организация РГБ
c Дата составления 20140213
801 Источник записи _2
a Страна ru
b Организация Центральная районная библиотека им. Г. А. Пирожникова
c Дата составления 20140213
852 Данные о местонахождении __
j Шифр хранения 84(7Сое)
i Авторский знак Б 32
b Сигла хранения ООЧ-2; 8; 16; 18; 24; 26; 29
901 Тип документа __
t Тип документа m
902 Роль лиц __
a Создатель БЗ ОКиО/Ковалева Е.
990 Данные о заказе (DOS) __
j Количество экземпляров (DOS) 8
h N записи в КСУ для Б/У (DOS) 2014-6